000 00423nam a22001697a 4500
005 20250122105006.0
008 250122b |||||||| |||| 00| 0 eng d
020 _a9780003224382
050 _aHM44
_bTRO
100 _aTrowler, Peter
245 _aInvestigating mass media
250 _a2nd
260 _aLondon
_bCollins Education
_cc1996
300 _aiv, 259p.;
_bill;
500 _aincludes index
942 _2lcc
_cBK
_n0
999 _c2766
_d2766